000 01057cam a2200337 a 4500
001 12216773
003 OSt
005 20140310184521.0
008 001031s2001 nyu c 000 1 eng
010 _a 00053149
020 _a0439098319
040 _aDLC
_cDLC
_dDLC
042 _alcac
050 0 0 _aPZ 7
_b.H62964Ho 2002
100 1 _aHite, Sid.
_94321
245 1 2 _aA hole in the world /
_cSid Hite.
250 _a1st ed.
260 _aNew York :
_bScholastic Press,
_c2002.
300 _a204 p. :
_c20 cm.
521 _aG8
526 _c900
650 1 _aFarm life
_zVirginia
_vFiction.
_929811
650 1 _aInterpersonal relations
_vFiction.
_929812
650 1 _aDeath
_vFiction.
_929813
650 1 _aGrief
_vFiction.
_929814
651 1 _aVirginia
_vFiction.
_929815
906 _a7
_bcbc
_corignew
_d1
_eocip
_f20
_gy-gencatlg
942 _2lcc
_cBK-SCHOLAS
999 _c35032
_d35032